| 000 | 00413nam a2200169Ia 4500 | ||
|---|---|---|---|
| 003 | GCL | ||
| 008 | 140319s9999 xx 000 0 eng d | ||
| 040 |
_aGCL / _cGCL |
||
| 082 | 0 | 4 |
_a410.1 _bT L |
| 100 | 1 | _aTHOMAS, GEORGY | |
| 245 | 1 | 0 |
_aLINGUISTIC PURISM / _cTHOMAS, GEORGY |
| 260 |
_a[S.N] : _bLONGMAN ، _c1991 |
||
| 300 | _a250 P | ||
| 650 | 0 | 4 | _aLANGUAGES |
| 650 | 0 | 4 | _aLANGUAGE - PURISM |
| 942 |
_2ddc _cBK |
||
| 999 |
_c24883 _d24883 |
||